000 00566nam a2200181 i 4500
001 29164
003 ES-MaACL
007 t|
008 030121s1958 sp ||||1| cat d
100 1 _aBardés i Abelláa, Ramón.
_9125817
245 1 0 _aSense esperança
_b: novel-la /
_cRamón Bardés i Abelláa.
260 _aSabadell :
_b[s.n.,
_c1958] (
_fTip. Sucs. de Joan Sallent)
300 _a184 p. ;
_c20 cm.
490 1 _aBiblioteca Sabadell ;
_v3
830 0 _aBiblioteca Sabadell ;
_v3
_9181232
852 _aES-MaACL
_jE-4410
_bR.41512
999 _c29164
_d29164